| Tag |
First Indicator |
Second Indicator |
Subfields |
| LEADER |
00000cam a2200000 4500 |
| 001 |
in00000058389 |
| 005 |
20151007082235.0 |
| 008 |
790105s1938 enkab 00110 eng |
| 010 |
|
|
|a 38024188
|
| 035 |
|
|
|a (OCoLC)04524613
|
| 035 |
|
|
|9 AAF7584AM
|
| 040 |
|
|
|a DLC
|c ABC
|d TXA
|d UtOrBLW
|
| 049 |
|
|
|a TXAM
|c [235445]
|
| 050 |
0 |
0 |
|a HB3583
|b .P5
|
| 082 |
0 |
|
|a 312.0942
|
| 092 |
|
|
|a 312.0942
|b P612n
|
| 100 |
1 |
|
|a Piddington, Robert Alfred,
|d 1906-
|
| 245 |
1 |
4 |
|a The next British empire ;
|b a population policy for home amenity and empire defence /
|c [by] R. A. Piddington.
|
| 264 |
|
1 |
|a London :
|b J. Murray,
|c [1938]
|
| 300 |
|
|
|a xi, 294 pages :
|b illustrations (including maps) diagrams ;
|c 19 cm.
|
| 336 |
|
|
|a text
|b txt
|2 rdacontent
|
| 337 |
|
|
|a unmediated
|b n
|2 rdamedia
|
| 338 |
|
|
|a volume
|b nc
|2 rdacarrier
|
| 650 |
|
0 |
|a Imperial federation.
|
| 650 |
|
0 |
|a Population.
|
| 651 |
|
0 |
|a Great Britain
|x Population.
|
| 651 |
|
0 |
|a Great Britain
|x Social conditions.
|
| 999 |
|
|
|a MARS
|
| 999 |
f |
f |
|s 85aebfab-f114-304b-b699-b8723774b8c6
|i 69f979cf-8c61-3e97-aac1-49c9c77c5735
|t 0
|
| 952 |
f |
f |
|p ric
|a Texas A&M University
|b Rellis Campus
|c Joint Library Facility
|d Remote Storage
|t 0
|e HB3583 .P5
|h Library of Congress classification
|i unmediated -- volume
|m A14800655111
|
| 998 |
f |
f |
|a HB3583 .P5
|t 0
|l Remote Storage
|